000 00634 a2200193 4500
999 _c182876
_d182876
005 20220221130050.0
010 _aENG-130243
020 _c795.00
_a978-81-321-0741-5
035 _aEN-113775
037 _bDBAD / PUB
082 _a320.6082
245 _aHarvesting Feminist Knowledge for Public Policy/
_bEdited by Devaki Jain
250 _a2011
260 _aNew Delhi
_bSage Publications India Pvt Ltd
_c2011
270 _aB1/I-1, Mohan Cooperative Industrial Area, Mathura Road
_bNew Delhi
_e110044
300 _axivi, 347p.
_c23cm (hbk)
700 _a Elson, Diane
942 _adpl
_cEN
_2ddc
_h320.6082
_mHAR